000
00280 a2200109 4500
020
_a
9781576601570
041
_a
eng
100
_a
Hurd, Mark
245
_a
The value factor : how global leaders use information for growth and competitive advantage
942
_c
BK
999
_c
10936
_d
10936
999
_d
10936